| 000 | 00386nam a2200145 a 4500 | ||
|---|---|---|---|
| 001 | 215 | ||
| 003 | CDMR | ||
| 005 | 20130306110259.0 | ||
| 008 | 130130s2009||||||||||||||||||||||||||||d | ||
| 040 |
_aCDMR _bcat _cCPC LLEIDA |
||
| 110 | 2 |
_aLa Mañana _9142 |
|
| 245 | 1 | 0 |
_aAnuari 2008 _bDe la sequera a la crisi _cDiari LA MAÑANA |
| 260 |
_aLleida _c2009 _bArts Gràfiques Dalmau |
||
| 942 |
_cMON _2udc |
||
| 999 |
_c215 _d215 |
||